Guerra y paz en el siglo XXI: una perspectiva europea
Salvato in:
| Autori principali: | , |
|---|---|
| Natura: | Libro |
| Lingua: | spagnolo |
| Pubblicazione: |
Barcelona
Tusquets
2003
|
| Serie: | Kriterios, 9
|
| Soggetti: | |
| Tags: |
Aggiungi Tag
Nessun Tag, puoi essere il primo ad aggiungerne!!
|
MARC
| LEADER | 00000nam a2200000 a 4500 | ||
|---|---|---|---|
| 001 | UCL0610 | ||
| 003 | CL-VaPUC | ||
| 008 | 030728e20030000SP |||||||||||||||||spa|d | ||
| 020 | |a 848310850X | ||
| 082 | 0 | 4 | |a 303.66 |b CAS |2 21 |
| 100 | 0 | |a Castells, Manuel |e author |9 477279 | |
| 700 | 0 | |a Serra, Narcís |e author |9 477280 | |
| 245 | 1 | 0 | |a Guerra y paz en el siglo XXI: una perspectiva europea |
| 300 | |a 208 p | ||
| 942 | |c BK | ||
| 945 | |d 20030728 00:00:00 |a cmena | ||
| 260 | |a Barcelona |b Tusquets |c 2003 | ||
| 650 | 0 | |a Relaciones Internacionales |9 255740 | |
| 650 | 7 | |a CONFLICTOS INTERNACIONALES |2 CL-VaPUC |9 334143 | |
| 650 | 0 | |a Guerras |9 255273 | |
| 650 | 0 | |a Sociología de la guerra |9 454999 | |
| 650 | 0 | |a Derecho internacional |9 255637 | |
| 583 | |a last modification |c 20030728 00:00:00 |k Rodrigo Vera | ||
| 490 | 0 | |a Kriterios, 9 | |
| 999 | |c 304425 |d 304423 | ||
| 952 | |0 0 |1 0 |4 0 |6 303_660000000000000_CAS_2003 |7 0 |8 A |9 366708 |a BIBHIS |b BIBHIS |d 2019-11-21 |i 3906213 |o 303.66 CAS 2003 |p 3906213 |r 2025-01-20 |w 2019-11-21 |y BK |k HIS | ||